000 00216nam a2200097Ia 4500
008 190216s9999||||xx |||||||||||||| ||und||
100 _aNambiar M C K
245 2 _aA Text Book Of Commerce
260 _bNull
942 _cBK
999 _c3979
_d3979